[Event "Norway Chess Open GM 2025"]
[Site "Stavanger NOR"]
[Date "2025.05.29"]
[Round "5.2"]
[White "Yankelevich, Lev"]
[Black "Amar, Elham"]
[Result "1-0"]
[WhiteTitle "GM"]
[BlackTitle "GM"]
[WhiteElo "2422"]
[BlackElo "2569"]
[WhiteFideId "24684074"]
[BlackFideId "1533533"]
[EventDate "2025.05.26"]

1. e4 c5 2. Nf3 d6 3. Bb5+ Bd7 4. Bxd7+ Nxd7 5. O-O e6 6. Qe2 Be7 7. Re1 Ngf6 8.
a4 O-O 9. d3 Re8 10. Nbd2 Qc7 11. Nf1 b6 12. h3 a6 13. g4 Ne5 14. N3h2 Nc6 15.
c3 b5 16. g5 Nd7 17. f4 Na5 18. axb5 axb5 19. Be3 Nb3 20. Rxa8 Rxa8 21. Ng4 c4
22. d4 Ra2 23. f5 Bf8 24. Qf2 e5 25. f6 g6 26. Qh4 Qd8 27. Rd1 exd4 28. Bxd4 Qe8
29. Nh6+ Kh8 30. Rb1 b4 31. Be3 Ne5 32. Qg3 Qc6 33. Rd1 Nd3 34. Nxf7+ Kg8 35.
Nh6+ Bxh6 36. f7+ Kxf7 37. gxh6 Rxb2 38. Qf3+ Ke8 39. Ng3 Qd7 40. Rf1 Qe7 41.
Qg4 Nf2 42. Bxf2 Qd7 43. Nf5 Kd8 44. Bb6+ 1-0

[Event "Norway Chess Open GM 2025"]
[Site "Stavanger NOR"]
[Date "2025.05.29"]
[Round "5.4"]
[White "Urkedal, Frode Olav Olsen"]
[Black "Haug, Havard"]
[Result "1/2-1/2"]
[WhiteTitle "GM"]
[BlackTitle "FM"]
[WhiteElo "2562"]
[BlackElo "2354"]
[WhiteFideId "1506102"]
[BlackFideId "1547887"]
[EventDate "2025.05.26"]

1. e4 c6 2. d4 d5 3. e5 c5 4. dxc5 e6 5. Be3 Nd7 6. Bb5 Ne7 7. Bd4 a6 8. Ba4 Nc6
9. Bxc6 bxc6 10. b4 a5 11. a3 axb4 12. axb4 Rxa1 13. Bxa1 Qg5 14. Nf3 Qg4 15.
Bd4 Ba6 16. Nbd2 Be7 17. Qa1 Nb8 18. c4 dxc4 19. O-O c3 20. Bxc3 Bxf1 21. Nxf1
O-O 22. Ne3 Qe4 23. Qa7 Re8 24. h3 Qd3 25. Be1 Qa6 26. Qxa6 Nxa6 27. Nd4 Nb8 28.
Nc4 Rd8 29. Nd6 Rd7 30. Kf1 Kf8 31. b5 cxb5 32. c6 Rc7 33. N6xb5 Rxc6 1/2-1/2

[Event "Norway Chess Open GM 2025"]
[Site "Stavanger NOR"]
[Date "2025.05.29"]
[Round "5.11"]
[White "Zhu, Jiner"]
[Black "Southcott-Moyers, Indy"]
[Result "1/2-1/2"]
[WhiteTitle "GM"]
[BlackTitle "CM"]
[WhiteElo "2541"]
[BlackElo "2292"]
[WhiteFideId "8608059"]
[BlackFideId "488542"]
[EventDate "2025.05.26"]

1. e4 e5 2. Nf3 Nc6 3. Bc4 Bc5 4. c3 Nf6 5. d3 d6 6. O-O a5 7. Re1 O-O 8. Nbd2
Be6 9. Bb5 Qb8 10. Nf1 Qa7 11. Be3 Bxe3 12. Nxe3 Ne7 13. Ba4 Ng6 14. Bc2 Ng4 15.
Ng5 Nf6 16. d4 h6 17. Nxe6 fxe6 18. g3 Kh8 19. h4 Rad8 20. a4 Qa6 21. Qd2 Ne7
22. Rad1 exd4 23. cxd4 d5 24. e5 Ne4 25. Bxe4 dxe4 26. Qc3 Rd7 27. Qc4 Qb6 28.
Nc2 Nd5 29. Qb5 Rdf7 30. Rd2 c6 31. Qxb6 Nxb6 32. Rxe4 Nxa4 33. Ne3 Nb6 34. Rg4
Rd7 35. Rg6 Re8 36. f4 c5 37. d5 Nxd5 38. Nc4 Nb6 39. f5 Rxd2 40. Nxd2 Kh7 41.
Rxe6 Rxe6 42. fxe6 Kg8 43. Ne4 Nc4 44. Nd6 b5 45. e7 Nxd6 46. exd6 Kf7 47. Kf2
a4 48. Ke3 b4 49. Kd3 h5 50. Kc4 Ke8 51. Kxc5 a3 52. bxa3 bxa3 53. Kc6 a2 54.
d7+ Kxe7 55. Kc7 a1=Q 56. d8=Q+ Kf7 57. Qd5+ Kf6 58. Qd8+ Kf7 59. Qd7+ Kf6 60.
Qd6+ Kf7 61. Qd5+ Kf6 62. Qg5+ Ke6 63. Qxh5 Qe5+ 64. Qxe5+ Kxe5 65. Kd7 Kf5 66.
Ke7 Kg4 67. Kf7 g5 68. Kg6 gxh4 69. gxh4 Kxh4 1/2-1/2

[Event "Norway Chess Open GM 2025"]
[Site "Stavanger NOR"]
[Date "2025.05.29"]
[Round "5.3"]
[White "Wang, Hao(ZJ)"]
[Black "Sivuk, Vitaly"]
[Result "1/2-1/2"]
[BlackTitle "GM"]
[WhiteElo "2418"]
[BlackElo "2501"]
[WhiteFideId "8631859"]
[BlackFideId "14116502"]
[EventDate "2025.05.26"]

1. e4 e5 2. Nf3 Nc6 3. Bb5 a6 4. Ba4 Nf6 5. O-O Be7 6. d3 b5 7. Bb3 d6 8. a4 Bd7
9. Bd2 O-O 10. Nc3 Na5 11. Ba2 b4 12. Nd5 Nxd5 13. Bxd5 c6 14. Ba2 Rb8 15. Qe1
c5 16. Bd5 Bc6 17. Bxc6 Nxc6 18. c3 Qd7 19. Qe2 f5 20. exf5 Rxf5 21. d4 exd4 22.
cxd4 Rbf8 23. dxc5 dxc5 24. Rfe1 Bf6 25. Rad1 Qf7 26. Be3 a5 27. Qc2 Nd4 1/2-1/2

[Event "Norway Chess Open GM 2025"]
[Site "Stavanger NOR"]
[Date "2025.05.29"]
[Round "5.1"]
[White "Galperin, Platon"]
[Black "Kunin, Vitaly"]
[Result "1-0"]
[WhiteTitle "GM"]
[BlackTitle "GM"]
[WhiteElo "2494"]
[BlackElo "2497"]
[WhiteFideId "14165414"]
[BlackFideId "4128737"]
[EventDate "2025.05.26"]

1. d4 Nf6 2. Nf3 e6 3. c4 Bb4+ 4. Bd2 Bxd2+ 5. Qxd2 O-O 6. Nc3 d5 7. h4 dxc4 8.
h5 h6 9. e4 b5 10. e5 b4 11. Na4 Nd5 12. Bxc4 Bb7 13. Nc5 Bc6 14. Rc1 Nd7 15.
Na6 Bb7 16. Bxd5 Bxd5 17. Nxb4 Bxf3 18. gxf3 Nb6 19. Ke2 Kh8 20. Rhg1 Nd5 21.
Nxd5 Qxd5 22. b3 Rac8 23. Rc5 Qb7 24. Qd3 c6 25. Rgc1 f6 26. Rg1 fxe5 27. Rxe5
Rf6 28. Rg6 Rcf8 29. Rxf6 Rxf6 30. Qc4 Rf8 31. Rxe6 Qf7 32. Qxc6 Qxh5 33. Re7 a6
34. a4 a5 35. Qe4 Rd8 36. Qg4 Qxg4 37. fxg4 Rxd4 38. Re5 Rxg4 39. Rxa5 Rg1 40.
Rb5 Kh7 41. a5 Ra1 42. b4 Kg6 43. Kf3 h5 44. Kf4 Kh6 45. Rb6+ g6 46. a6 Ra2 47.
Kg3 Ra3+ 48. Kg2 h4 49. f3 Kg7 50. Kh3 g5 51. Kg4 Ra1 52. Kxg5 h3 53. Rg6+ Kf7
54. Rh6 Kg7 55. Rxh3 Rxa6 56. Kf5 Rb6 57. Rh4 Kf7 58. Re4 Rb5+ 59. Kf4 Kf6 60.
Ke3 Rd5 61. Rd4 Rh5 62. Kd3 Rh3 63. Ke4 Ke6 64. b5 Rh1 65. Rb4 Re1+ 66. Kf4 Rh1
67. Rb2 Rh4+ 68. Kg5 Rh7 69. b6 Rb7 70. f4 Rg7+ 71. Kh6 Rg8 72. b7 Rb8 73. Kg7
Kf5 74. Rb4 Ke6 75. Rb5 Kd6 76. f5 Kc6 77. Rb2 Kd6 78. f6 Ke6 79. f7 1-0

[Event "Norway Chess Open GM 2025"]
[Site "Stavanger NOR"]
[Date "2025.05.29"]
[Round "5.20"]
[White "Lie, Kjetil A."]
[Black "Zheng, Harry Z"]
[Result "1-0"]
[WhiteTitle "GM"]
[WhiteElo "2493"]
[BlackElo "2149"]
[WhiteFideId "1501984"]
[BlackFideId "460982"]
[EventDate "2025.05.26"]

1. d4 Nf6 2. Bf4 d5 3. e3 e6 4. Nf3 Bd6 5. Nbd2 c5 6. dxc5 Bxc5 7. Bd3 Nc6 8.
O-O O-O 9. e4 h6 10. h3 Nb4 11. e5 Nxd3 12. cxd3 Nh7 13. Nb3 Be7 14. Rc1 Bd7 15.
Nfd4 Ba4 16. Be3 Qd7 17. Qg4 Kh8 18. Nc5 Bxc5 19. Rxc5 Rfc8 20. Rfc1 Rxc5 21.
Rxc5 b6 22. Rc3 Nf8 23. b3 Bb5 24. Nxb5 Qxb5 25. Rc7 Qe8 26. Qb4 Ng6 27. f4 Kg8
28. g3 h5 29. h4 Qd8 30. Qd6 Qe8 31. a4 Rd8 32. Qb4 Ra8 33. Qb5 Qxb5 34. axb5 a6
35. bxa6 Rxa6 36. Rb7 Ra2 37. Rxb6 Ne7 38. b4 Ra3 39. Bf2 Rxd3 40. Rb8+ Kh7 41.
Rb7 Nf5 42. Rxf7 Nxg3 43. b5 Ne4 44. Ba7 Rb3 45. b6 Nc5 46. Rc7 Na6 47. Rc6 d4
48. b7 d3 49. Kf2 Rxb7 50. Rxa6 Kg6 51. Rxe6+ Kf5 52. Ra6 Kxf4 53. e6 Rb2+ 54.
Ke1 Re2+ 55. Kd1 Kf5 56. Bc5 Rxe6 57. Rxe6 Kxe6 58. Be3 Kf5 59. Kd2 Ke4 60. Bg5
Kd4 61. Bf4 Ke4 62. Be3 Kf5 63. Kxd3 Kg6 64. Ke4 Kh7 65. Kf5 1-0

[Event "Norway Chess Open GM 2025"]
[Site "Stavanger NOR"]
[Date "2025.05.29"]
[Round "5.5"]
[White "Savitha, Shri B"]
[Black "Kvaloy, Aksel Bu"]
[Result "0-1"]
[WhiteTitle "IM"]
[BlackTitle "IM"]
[WhiteElo "2298"]
[BlackElo "2479"]
[WhiteFideId "35061887"]
[BlackFideId "1528815"]
[EventDate "2025.05.26"]

1. e4 e5 2. Nf3 Nc6 3. Bb5 g6 4. c3 a6 5. Bxc6 dxc6 6. d4 exd4 7. cxd4 Bg7 8. h3
h6 9. Nc3 Ne7 10. Be3 Be6 11. Qd2 f5 12. O-O fxe4 13. Nxe4 Bd5 14. Qc2 O-O 15.
Ne5 Qc8 16. Ng3 Kh7 17. h4 Bxe5 18. dxe5 Qg4 19. Bc5 Qxh4 20. Bxe7 Qxe7 21. f4
Qb4 22. Ne2 Qb6+ 23. Kh2 Be6 24. Qc3 Rad8 25. a4 a5 26. Qa3 Qb4 27. Qxb4 axb4
28. Rad1 Bc4 29. Rxd8 Rxd8 30. Re1 Kg7 31. Ng3 Kf7 32. Ne4 Rd4 33. a5 Bd5 34.
Nc5 Rd2 35. Nxb7 Rxg2+ 36. Kh3 Rxb2 37. Ra1 Rb3+ 38. Kh2 Ra3 39. Rb1 c5 40. Nxc5
Rxa5 41. Rc1 Ra2+ 42. Kg3 Ra3+ 43. Kg4 Rc3 0-1

[Event "Norway Chess Open GM 2025"]
[Site "Stavanger NOR"]
[Date "2025.05.29"]
[Round "5.6"]
[White "Rozentalis, Eduardas"]
[Black "Fiskaaen, Martin Holten"]
[Result "1-0"]
[WhiteTitle "GM"]
[BlackTitle "FM"]
[WhiteElo "2470"]
[BlackElo "2292"]
[WhiteFideId "12800023"]
[BlackFideId "1550233"]
[EventDate "2025.05.26"]

1. e4 e6 2. d4 d5 3. Nd2 c5 4. Ngf3 cxd4 5. Nxd4 Nf6 6. exd5 Nxd5 7. c3 Bc5 8.
Ne4 Bxd4 9. Qxd4 O-O 10. Qd1 Nc6 11. Bd3 f5 12. Ng5 h6 13. Nf3 e5 14. O-O Be6
15. Bc4 Re8 16. Re1 Bf7 17. Be3 f4 18. Bc5 Rc8 19. Bd3 Rc7 20. Qc2 b6 21. Ba3
Nd4 22. Nxd4 exd4 23. Rxe8+ Qxe8 24. Bd6 Rc8 25. c4 Qd8 26. Be5 Qg5 27. Bh7+ Kh8
28. Qf5 Qxf5 29. Bxf5 Rxc4 30. b3 Rb4 31. Bd3 a5 32. Bd6 Nc3 33. Bxb4 axb4 34.
a3 bxa3 35. Rxa3 g5 36. Ra6 b5 37. Rxh6+ Kg7 38. Rd6 Bxb3 39. Rxd4 Kf6 40. Bxb5
Be6 41. Bf1 Ke5 42. Rb4 g4 43. Bd3 Nd5 44. Re4+ Kf5 45. g3 f3 46. Kf1 Ne7 47.
Ke1 Kf6 48. Kd2 Nc6 49. Ra4 Ne5 50. Ra6 Ke7 51. Ke3 Kf6 52. Be4 Nc4+ 53. Kd4 Ke7
54. Rxe6+ 1-0

[Event "Norway Chess Open GM 2025"]
[Site "Stavanger NOR"]
[Date "2025.05.29"]
[Round "5.7"]
[White "Poley, Vladimir"]
[Black "Alonso Garcia, Aaron"]
[Result "0-1"]
[WhiteTitle "IM"]
[BlackTitle "IM"]
[WhiteElo "2284"]
[BlackElo "2454"]
[WhiteFideId "13500090"]
[BlackFideId "24521060"]
[EventDate "2025.05.26"]

1. Nf3 c5 2. b3 d6 3. e3 Nc6 4. Bb2 e5 5. d4 cxd4 6. exd4 e4 7. Nfd2 d5 8. c4
Nf6 9. cxd5 Qxd5 10. Nc3 Qxd4 11. Na4 Qd8 12. Bb5 Be7 13. O-O O-O 14. Bxc6 bxc6
15. Rc1 Bf5 16. Re1 Bb4 17. Nc3 Re8 18. a3 Bd6 19. h3 Bf4 20. Ncb1 e3 21. fxe3
Bxe3+ 22. Kh1 Bxb1 23. Bxf6 Qxd2 24. Qg4 Bg6 25. Rcd1 Qc2 26. Ba1 h5 27. Qd7 Be4 0-1

[Event "Norway Chess Open GM 2025"]
[Site "Stavanger NOR"]
[Date "2025.05.29"]
[Round "5.40"]
[White "Zhou, Yang-Fan"]
[Black "Gouanelle, Franck"]
[Result "1-0"]
[WhiteTitle "IM"]
[WhiteElo "2425"]
[BlackElo "2024"]
[WhiteFideId "468584"]
[BlackFideId "627542"]
[EventDate "2025.05.26"]

1. e4 e6 2. d4 d5 3. e5 c5 4. c3 Nc6 5. Nf3 Nh6 6. Bxh6 gxh6 7. Bb5 Bd7 8. Qe2
Rc8 9. dxc5 Bxc5 10. Nbd2 a6 11. Bd3 Qe7 12. O-O Qf8 13. Rfe1 Qg7 14. Nf1 f6 15.
exf6 Qxf6 16. Ne3 O-O 17. Ng4 Qg7 18. Nge5 Nxe5 19. Qxe5 Qxe5 20. Rxe5 Bd6 21.
Re2 Rf6 22. Ne5 Bxe5 23. Rxe5 Be8 24. Rae1 Rc6 25. f4 Bg6 26. f5 Bf7 27. g4 exf5
28. gxf5 Rcd6 29. Kf2 Rb6 30. R1e2 Rfd6 31. Re7 Kf8 32. Rc7 Rdc6 33. Rd7 Rd6 34.
Rxd6 Rxd6 35. Ke3 d4+ 36. cxd4 Bxa2 37. Rc2 Rd7 38. Be4 Ke7 39. Rc8 Kd6 40. Kf4
Re7 41. Rf8 Bb3 42. Rf6+ Kc7 43. Rxh6 Kd8 44. Rb6 Ba4 45. f6 Re8 46. f7 1-0

[Event "Norway Chess Open GM 2025"]
[Site "Stavanger NOR"]
[Date "2025.05.29"]
[Round "5.8"]
[White "Mahitosh, Dey"]
[Black "Elsness, Frode"]
[Result "1-0"]
[WhiteTitle "FM"]
[BlackTitle "IM"]
[WhiteElo "2240"]
[BlackElo "2416"]
[WhiteFideId "25091468"]
[BlackFideId "1501100"]
[EventDate "2025.05.26"]

1. e4 c5 2. Nf3 d6 3. d4 cxd4 4. Nxd4 Nf6 5. Nc3 a6 6. Be2 e5 7. Nb3 Be7 8. Be3
Be6 9. Qd3 Nbd7 10. Nd5 Bxd5 11. exd5 Rc8 12. c4 O-O 13. Nd2 Ne8 14. g4 Bg5 15.
O-O-O b5 16. Kb1 Bxe3 17. Qxe3 b4 18. Bd3 Nc5 19. Bc2 g6 20. h4 f5 21. gxf5 gxf5
22. Rdg1+ Kh8 23. Rg5 f4 24. Qh3 Rc7 25. Rhg1 Rg7 26. Nf3 Qf6 27. Qg4 e4 28. Nd2
Qd4 29. Qe2 Nd3 30. Bxd3 exd3 31. Qf3 a5 32. Re1 a4 33. Re4 Qf6 34. Qxd3 Rxg5
35. hxg5 Qxg5 36. Qd4+ Ng7 37. Re1 a3 38. f3 h5 39. Rg1 Qe7 40. Ne4 Kh7 41. Ng5+
Kh6 42. Ne4 Nf5 43. Qd2 Qe5 44. Qxb4 Qd4 45. Re1 Qd3+ 46. Ka1 axb2+ 47. Kxb2
Qxf3 48. Nd2 Qg2 49. Re6+ Kg5 50. Qc3 Rf7 51. Ka3 Kg4 52. Rg6+ 1-0

[Event "Norway Chess Open GM 2025"]
[Site "Stavanger NOR"]
[Date "2025.05.29"]
[Round "5.9"]
[White "Vestby-Ellingsen, Mads"]
[Black "Bhagat Kush"]
[Result "1/2-1/2"]
[WhiteTitle "IM"]
[BlackTitle "FM"]
[WhiteElo "2382"]
[BlackElo "2279"]
[WhiteFideId "1520857"]
[BlackFideId "46672940"]
[EventDate "2025.05.26"]

1. e4 c5 2. Nf3 d6 3. d4 cxd4 4. Nxd4 Nf6 5. Nc3 Nc6 6. Bg5 e6 7. Qd2 a6 8.
O-O-O Bd7 9. Kb1 Nxd4 10. Qxd4 Be7 11. f4 Bc6 12. f5 Qa5 13. Bc4 exf5 14. Rhf1
fxe4 15. Nxe4 Nxe4 16. Qxg7 O-O-O 17. Bxe7 Nd2+ 18. Rxd2 Qxd2 19. Bxd8 Rxd8 20.
g4 Qxh2 21. Qxf7 Qh4 22. Bd3 Kb8 23. Qh5 Qxh5 24. gxh5 Rd7 25. Rf8+ Ka7 26. Rh8
Re7 27. b3 Be4 28. Bxe4 Rxe4 29. Rxh7 Rh4 30. h6 d5 31. a4 a5 32. Kb2 d4 33. Kc1
Rh2 34. Rh8 Kb6 35. h7 Ka7 36. Kd1 b6 37. Ke1 Kb7 38. Kf1 Ka7 39. Kg1 Rh6 40.
Kg2 Kb7 41. Kg3 Rh1 42. Kf4 Ka7 43. Ke4 Rh4+ 44. Ke5 Kb7 45. Kd5 Ka7 46. Kc6
Rh6+ 47. Kc7 Rh2 48. Kd6 Rh6+ 49. Kd5 Rh4 50. Kc4 Kb7 51. Kd3 Ka7 52. Kd2 Kb7
53. Kd1 Rh2 54. Ke1 Ka7 55. Kf1 Kb7 56. Kg1 Rh6 57. Kg2 Rh4 58. Kg3 Rh1 59. Kg4
Rg1+ 60. Kf5 Rh1 61. Kg6 Rg1+ 62. Kf6 Rh1 63. Kg7 Rg1+ 64. Kf7 Rh1 65. Ke6 Rh6+
66. Kd5 Rh4 67. Kc4 Ka7 68. Rd8 Rxh7 69. Rxd4 Rc7+ 70. Kd3 Rh7 71. Rd5 Kb7 72.
c3 Kc6 73. Re5 Rh3+ 74. Kd4 Rh4+ 75. Re4 Rh6 76. Rg4 Rd6+ 77. Kc4 Rh6 78. Rf4
Rg6 79. Rh4 Rf6 80. Kd4 Rd6+ 81. Kc4 Rg6 82. Rh3 Rg4+ 83. Kd3 Rg6 84. Rf3 Rd6+
85. Kc2 Rh6 1/2-1/2

[Event "Norway Chess Open GM 2025"]
[Site "Stavanger NOR"]
[Date "2025.05.29"]
[Round "5.10"]
[White "Avadhoot Lokesh Bhakti Brahme"]
[Black "Tulchynskyi, Feliks"]
[Result "0-1"]
[BlackTitle "FM"]
[WhiteElo "2081"]
[BlackElo "2380"]
[WhiteFideId "33496463"]
[BlackFideId "34127895"]
[EventDate "2025.05.26"]

1. d4 Nf6 2. Nf3 e6 3. Bf4 d5 4. e3 c5 5. Nbd2 Nc6 6. c3 Nh5 7. Bg5 f6 8. Bh4 g6
9. dxc5 Bxc5 10. g4 Ng7 11. h3 g5 12. Bg3 h5 13. Nb3 Be7 14. Rg1 hxg4 15. hxg4
e5 16. Nfd2 Be6 17. f3 Qb6 18. Bf2 O-O-O 19. Qe2 e4 20. O-O-O Ne5 21. fxe4 Rh2
22. Nd4 dxe4 23. Nxe6 Nd3+ 24. Qxd3 exd3 25. Nxg7 Rxf2 26. Nf5 Bc5 27. Nd4 Bxd4
28. exd4 Rxd4 29. Nb3 Rd8 30. Bxd3 Qe3+ 0-1

[Event "Norway Chess Open GM 2025"]
[Site "Stavanger NOR"]
[Date "2025.05.29"]
[Round "5.21"]
[White "Vincenti, Leonardo"]
[Black "Chakrabarty, Reyaansh"]
[Result "0-1"]
[WhiteTitle "CM"]
[BlackTitle "FM"]
[WhiteElo "2120"]
[BlackElo "2346"]
[WhiteFideId "28550820"]
[BlackFideId "3256944"]
[EventDate "2025.05.26"]

1. e4 c6 2. d4 d5 3. exd5 cxd5 4. Bd3 Nc6 5. c3 Nf6 6. Bf4 Bg4 7. Qb3 Qd7 8. Nd2
e6 9. Ngf3 Bd6 10. Bxd6 Qxd6 11. O-O O-O 12. Rfe1 Ne7 13. Ne5 Bf5 14. Bxf5 Nxf5
15. Qxb7 Rab8 16. Qxa7 Rxb2 17. Nb3 h5 18. h3 Nh4 19. Qc5 Qa6 20. Qe7 Nf5 21.
Qc7 Rxa2 22. Rxa2 Qxa2 23. Nc5 Qd2 24. Rb1 Ne4 25. Nxe4 dxe4 26. Nd7 e3 27. fxe3
Nxe3 28. Qg3 Nf5 29. Qc7 Re8 30. Ne5 Rf8 31. Nd7 Qe3+ 32. Kh1 Qd3 33. Nxf8 Qxb1+
34. Kh2 Ne3 35. Qc8 h4 36. Ng6+ Kh7 37. Nxh4 Qe4 38. Kg3 Nd5 39. Nf3 Qg6+ 40.
Kh2 Nf4 41. g4 Qc2+ 42. Kg3 Ne2+ 43. Kh4 Nf4 44. Kg3 Nd3 45. Ng5+ Kg6 46. Ne4
Qe2 47. Qb7 Qe3+ 48. Kh4 Nf2 49. Ng3 0-1

[Event "Norway Chess Open GM 2025"]
[Site "Stavanger NOR"]
[Date "2025.05.29"]
[Round "5.12"]
[White "Garcia Martin, Marta"]
[Black "Hedman, Erik"]
[Result "1/2-1/2"]
[WhiteTitle "IM"]
[BlackTitle "IM"]
[WhiteElo "2324"]
[BlackElo "2272"]
[WhiteFideId "32084030"]
[BlackFideId "1702351"]
[EventDate "2025.05.26"]

1. d4 Nf6 2. c4 e6 3. Nf3 c5 4. d5 b5 5. e4 Nxe4 6. Bd3 Nf6 7. O-O bxc4 8. Bxc4
Ba6 9. Bxa6 Nxa6 10. Re1 Qc8 11. Nc3 Be7 12. Ne5 O-O 13. d6 Bd8 14. Re3 Nb4 15.
Rg3 Nc6 16. Bf4 Rb8 17. Rc1 Rb4 18. Nd3 Rd4 19. Be3 Qb8 20. Bxd4 cxd4 21. Na4 e5
22. Ndc5 Qxd6 23. Qf3 Kh8 24. Rh3 h6 25. g4 Ne7 26. Ne4 Nxe4 27. Qxe4 Ng6 28.
Nc5 Bg5 29. Rc2 Nf4 30. Ra3 Qc7 31. Ne6 Qxc2 32. Qxc2 fxe6 33. Qc5 Rf7 34. Qxe5
d3 35. Kf1 Bh4 36. Qd6 Be7 37. Qd4 Bxa3 38. bxa3 d5 39. Ke1 Kh7 40. h4 g5 41.
hxg5 hxg5 42. Qe5 Kg6 43. Qh8 Rg7 44. Qe8+ Kh7 45. Qd8 e5 46. Qc8 e4 47. Qf5+
Kh6 48. Kd2 Rc7 49. Qf8+ Kh7 50. Qf5+ Kh6 51. Qf8+ Kh7 52. Qf5+ Kh6 53. Qf8+ 1/2-1/2

[Event "Norway Chess Open GM 2025"]
[Site "Stavanger NOR"]
[Date "2025.05.29"]
[Round "5.13"]
[White "Adharsh K"]
[Black "Nechitaylo, Nikita"]
[Result "1/2-1/2"]
[WhiteTitle "FM"]
[BlackTitle "FM"]
[WhiteElo "2322"]
[BlackElo "2261"]
[WhiteFideId "25718207"]
[BlackFideId "34138161"]
[EventDate "2025.05.26"]

1. e4 c5 2. Nf3 e6 3. d4 cxd4 4. Nxd4 a6 5. c4 Nf6 6. Nc3 Qc7 7. a3 b6 8. Be3
Bb7 9. f3 Be7 10. Be2 O-O 11. Rc1 d6 12. O-O Nbd7 13. Qc2 Rac8 14. f4 Qb8 15. b4
Qa8 16. Bd3 Ng4 17. Qe2 Nxe3 18. Qxe3 Bf6 19. Nce2 Rfe8 20. Ng3 b5 21. cxb5 Bd8
22. bxa6 Rxc1 23. Rxc1 Bxa6 24. Bxa6 Qxa6 25. Kh1 Bb6 26. Qc3 Ra8 27. Nb3 g6 28.
a4 e5 29. fxe5 Nxe5 30. h3 Qxa4 31. Ne2 Ra7 32. Rb1 Rc7 33. Qd2 Nc4 34. Qg5 Qa2
35. Nc3 Qc2 36. Qc1 Qxc1+ 37. Rxc1 Ne3 38. Na4 Rxc1+ 39. Nxc1 Ba7 1/2-1/2

[Event "Norway Chess Open GM 2025"]
[Site "Stavanger NOR"]
[Date "2025.05.29"]
[Round "5.14"]
[White "Knuedel, Torben"]
[Black "Pang, Ethan"]
[Result "1-0"]
[WhiteTitle "FM"]
[BlackTitle "FM"]
[WhiteElo "2319"]
[BlackElo "2226"]
[WhiteFideId "16208820"]
[BlackFideId "496995"]
[EventDate "2025.05.26"]

1. e4 c5 2. Nf3 Nc6 3. Nc3 e6 4. d4 cxd4 5. Nxd4 Nf6 6. a3 d5 7. Bb5 Bd7 8. exd5
Nxd4 9. Bxd7+ Qxd7 10. Qxd4 Nxd5 11. Nxd5 Qxd5 12. Qxd5 exd5 13. Be3 b6 14.
O-O-O O-O-O 15. Rd3 Bc5 16. Bxc5 bxc5 17. Rhd1 d4 18. b4 Rd7 19. bxc5 Rhd8 20.
c3 dxc3 21. Kc2 Rxd3 22. Rxd3 Re8 23. Re3 Rd8 24. Kxc3 Rd5 25. Kc4 Rd2 26. Rf3
f6 27. h4 Kc7 28. h5 h6 29. Rg3 Rxf2 30. Rxg7+ Kc6 31. Rxa7 Rc2+ 32. Kd4 Rd2+
33. Ke4 Rxg2 34. Ra6+ Kxc5 35. Rxf6 Rg4+ 36. Ke5 Rg5+ 37. Rf5 Rg4 38. Ke6+ Kc6
39. Rf6 Ra4 40. Rxh6 Rxa3 41. Rf6 Ra7 42. h6 Rh7 43. Kf5+ Kd7 44. Kg6 Rh8 45.
Kg7 Re8 46. h7 Ke7 47. Rf1 1-0

[Event "Norway Chess Open GM 2025"]
[Site "Stavanger NOR"]
[Date "2025.05.29"]
[Round "5.15"]
[White "Eliseev, Sergey"]
[Black "Pubantz, Jan"]
[Result "1/2-1/2"]
[WhiteTitle "FM"]
[WhiteElo "2254"]
[BlackElo "2315"]
[WhiteFideId "1534734"]
[BlackFideId "12996114"]
[EventDate "2025.05.26"]

1. e4 c6 2. d4 d5 3. exd5 cxd5 4. Bd3 Nf6 5. h3 Nc6 6. Nf3 Nb4 7. Ne5 Nxd3+ 8.
Qxd3 e6 9. Nc3 Be7 10. h4 Nd7 11. Qg3 Nxe5 12. dxe5 g6 13. h5 g5 14. f4 h6 15.
fxg5 Bxg5 16. Bxg5 Qxg5 17. Qxg5 hxg5 18. Nd1 f5 19. exf6 e5 20. Nf2 Kf7 21. c4
Be6 22. cxd5 Bxd5 23. Ng4 Bxg2 24. Rh2 Be4 25. Kf2 Rad8 26. Re1 Bf5 27. Kg3 Rd4
28. Nxe5+ Kxf6 29. h6 Rh4 30. Rf2 Rf4 31. Rxf4 gxf4+ 32. Kxf4 Rxh6 33. Nf3 Be6
34. a3 Rh5 35. Nd4 Bd5 36. Re2 Rh4+ 37. Ke3 Rh3+ 38. Kd2 Bc4 39. Re3 Rxe3 40.
Kxe3 Ke5 41. Nf3+ Kd6 42. Kd4 Bd5 43. Ne5 Bh1 44. b4 a6 45. Nc4+ Kc6 46. a4 Kc7
47. Kc5 Bc6 48. Nb6 Bg2 49. a5 Bh1 50. Nc4 Bg2 51. Ne3 Bh1 52. Nf5 Bg2 53. Ng7
Bh1 54. Ne6+ Kd7 55. Nf4 Kc7 1/2-1/2

[Event "Norway Chess Open GM 2025"]
[Site "Stavanger NOR"]
[Date "2025.05.29"]
[Round "5.28"]
[White "Banerjee, Supratit"]
[Black "Azikri, Gur"]
[Result "1-0"]
[WhiteTitle "CM"]
[WhiteElo "2312"]
[BlackElo "1982"]
[WhiteFideId "2410079"]
[BlackFideId "2812738"]
[EventDate "2025.05.26"]

1. e4 d6 2. d4 Nf6 3. Nc3 g6 4. Be3 a6 5. Qd2 b5 6. f3 Nbd7 7. O-O-O Nb6 8. h4
h5 9. Nh3 Bxh3 10. Rxh3 Bg7 11. Be2 c6 12. Qd3 Qc7 13. g4 Nc4 14. g5 Nd7 15. b3
Nxe3 16. Qxe3 Nb6 17. f4 b4 18. Na4 Nxa4 19. bxa4 O-O 20. Qb3 c5 21. f5 Kh7 22.
Bc4 d5 23. Bxd5 c4 24. Bxc4 gxf5 25. exf5 Rad8 26. f6 exf6 27. gxf6 Qf4+ 28. Kb1
Qxf6 29. Rf3 Qxh4 30. Qd3+ Kh8 31. Rh3 Qg4 32. Rdh1 Bxd4 33. Rxh5+ Kg7 34. Qh7+
Kf6 35. Rf1+ Ke7 36. Rxf7+ Rxf7 37. Qxf7+ Kd6 38. Rh6+ 1-0

[Event "Norway Chess Open GM 2025"]
[Site "Stavanger NOR"]
[Date "2025.05.29"]
[Round "5.16"]
[White "Gentemann, Moritz"]
[Black "Sanket, Chakravarty"]
[Result "0-1"]
[BlackTitle "IM"]
[WhiteElo "2242"]
[BlackElo "2303"]
[WhiteFideId "4688007"]
[BlackFideId "25032038"]
[EventDate "2025.05.26"]

1. c4 e6 2. Nf3 d5 3. e3 Nf6 4. Nc3 Bd6 5. b3 O-O 6. Bb2 Nc6 7. h3 a6 8. a3 Ne7
9. Be2 b6 10. O-O Bb7 11. cxd5 exd5 12. d4 Ng6 13. Bd3 Ne4 14. a4 f5 15. Ne2 Qe7
16. g3 Rae8 17. Nf4 Nh8 18. Qc1 g5 19. Ne2 Ng6 20. Ba3 f4 21. Bxd6 cxd6 22. exf4
gxf4 23. Kg2 Bc8 24. Neg1 Kh8 25. Ra2 Qg7 26. Ne2 fxg3 27. fxg3 Rxf3 28. Kxf3
Bxh3 29. Rg1 Qf6+ 30. Nf4 Ng5+ 0-1

[Event "Norway Chess Open GM 2025"]
[Site "Stavanger NOR"]
[Date "2025.05.29"]
[Round "5.17"]
[White "Johansson, Carl Fredrik"]
[Black "Nissinen, Niilo Man"]
[Result "1-0"]
[WhiteTitle "CM"]
[BlackTitle "CM"]
[WhiteElo "2171"]
[BlackElo "2301"]
[WhiteFideId "1701576"]
[BlackFideId "30950767"]
[EventDate "2025.05.26"]

1. c4 e5 2. Nc3 Nf6 3. Nf3 e4 4. Ng5 c6 5. Qa4 Qe7 6. Qc2 b5 7. cxb5 d5 8. bxc6
Qc5 9. b4 Qxc6 10. e3 Nbd7 11. b5 Qc7 12. Bb2 h6 13. Nh3 Ne5 14. Qa4 Qc5 15. Nf4
Nc4 16. Nfxd5 Nxd5 17. Qxc4 Nxc3 18. Bxc3 Qxc4 19. Bxc4 Bb7 20. O-O f6 21. a4
Bc5 22. a5 Rc8 23. Rfb1 Ke7 24. Be2 Rhd8 25. Bg4 Rb8 26. Rc1 Rd5 27. Be2 Rc8 28.
a6 Ba8 29. f3 Rd7 30. Bb4 Rdc7 31. Rxc5 Rxc5 32. Rc1 Kd6 33. Rxc5 Rxc5 34. fxe4 1-0